| 000 | 01848nam a22003257a 4500 | ||
|---|---|---|---|
| 999 |
_c21809 _d21809 |
||
| 003 | AR-CdUCM | ||
| 008 | 190425b ||||| |||| 00| 0 spa d | ||
| 040 |
_aMUNICIPALIDAD PROVINCIAL DEL CUSCO _cBIBLIOTECA MUNICIPAL DEL CUSCO |
||
| 082 | _aRev.Allp/N°11-12/1978 | ||
| 110 |
_aInstituto de Pastoral Andina _912766 |
||
| 245 |
_aAllpanchis Phuturinqa : _bRevista Anual / |
||
| 260 |
_aLima : _bItal Perú, _c1979. |
||
| 300 |
_a232 páginas. : _bilustraciones ; _c20 cm. |
||
| 440 |
_aRevista del Instituto de Pastoral Andina Cusco _nAño [ ], [ ] semestre de 1978, N°11-12. Vol. XI-XII _946198 |
||
| 500 | _aMovimientos Campesinos | ||
| 505 | _aContenido: Testimonios referentes al movimiento de Tupac Amaru II, 1784-1812. Lorenzo Huertas. -- El sur andino a fines del siglo XVIII cacique o corregidor. Scarlett O´phelan. -- Los indios y la constitución de 1812. Christine Hunefeldt. -- Una rebelión de culíes chinos, Pativilca 1870. Humberto Rodríguez. -- Los movimientos campesinos en la Guerra del Pacifico. Nelson Manrique. -- Movimientos sociales en Cayaltí 1915-1919. Wilfredo Kapsoli. -- Rumi Maqui y la nacionalidad quechua. Manuel Vassallo. -- Movimientos campesinos en la sociedad ganadera del centro 1910-1950. Gerardo Renique. -- El mercado interno y la espontaneidad de los movimiento campesinos Puno 1950-1968. Ricardo Claverias. | ||
| 650 |
_aMovimientos campesinos _97308 |
||
| 650 |
_aTúpac Amaru _9623 |
||
| 650 |
_aLevantamientos andinos _944095 |
||
| 700 |
_aHuertas, Lorenzo _946199 |
||
| 700 |
_aO'phelan, Scarlett _946200 |
||
| 700 |
_aHunefeldt, Christine _946201 |
||
| 700 |
_aRodríguez, Humberto _946202 |
||
| 700 |
_aManrique, Nelson _92258 |
||
| 700 |
_aKapsoli, Wilfredo _95417 |
||
| 700 |
_aRenique, Gerardo _946203 |
||
| 700 |
_aClaverias, Ricardo _946204 |
||
| 942 |
_2ddc _cPP |
||
| 945 | _arac | ||